00621nam a2200169Ia 4500008004100000020001800041041000800059082001600067100002400083245012800107250000600235260003200241300001100273650002300284999001900307952012500326210716s2012 xx 000 0 und d a9780749456979 aeng a374.22 CLUD aClutterbuck, David. aTalent wave: why succession planning fails and what to do about it.bWhy succession planning fails and what to do about it. a1 aNew DelhibKogan Pagec2012 aix,244 aGeneral Management c208346d208346 001040708MBAaAIMITbAIMITd2013-12-19g495.00l0o374.22 CLUDpMBA10912r2026-05-23 00:00:00v371.25w2021-07-16yBK